Can You name the YonKharacters? - Statistics

General Stats
  • This quiz has been taken 57 times
    7 since last reset
  • The average score is 23 of 27
Answer Stats
Hint Answer % Correct
Waterland Betta
100%
Circus Hop Clownfish
100%
Fallacy Convict
100%
Linger In The Rain #1 Droplet
100%
Trash Talkin' (YonKaGor) Groupie
100%
Mr. Sunfish SeaBird
100%
Top 10 Things To Do Before You Die SeaDrive
100%
You'll Be Gone / See You! Selfish
100%
Memory Merge #1 Speckle
100%
Memory Merge #2 Speckle (Juvenile)
100%
You're Just Like Pop Music / Blue Bird Tetra
100%
So Long Clione
80%
Silly Plans ~ Revisit (MelloRange) ColorPencil
80%
If I Were To Die Dragonet
80%
I Forgot That You Exist Goldfish
80%
Mr. Sunfish Mr. Sunfish
80%
It's Normal Routine
80%
Trash Talkin' (Kennyoung) SandBar
80%
You Made Me Fall In Love Sweet Treat
80%
Silly Plans ~ Revisit (YonKaGor) WaterColor
80%
Dandelion Wildflower
80%
INFAMOUS (YonKaGor) Winner
80%
Another Mistake Biased Truth
60%
Linger In The Rain #2 Dreamy Wolf Guy
60%
Bitter and Blunt Honest Lie
60%
Paper Alibis PaperCraft
60%
Unscripted Play Try-Tone
60%
No matching quizzes found
Score Distribution
Percent of People with Each Score
Percentile by Number Answered
Your Score History
You have not taken this quiz since the last reset